000 00687nam a2200241Ia 4500
003 OSt
005 20220926010407.0
006 a|||||r|||| 00| 0
007 ta
008 220923b |||||||| |||| 00| 0 eng d
020 _a8122400515
037 _cGeneral Book
040 _aRTL
_cRTL
_beng
041 _2eng
_aeng
082 _aX90gF.2.N88, M8/SC
100 _aDESAI Ashok V Ed.
_9312272
245 0 _aTechnology absorption in Indian industry
260 _a New Delhi
_bWiley Eastern
_c1988
300 _ax,210p.
_ccm.
500 _aAppendix : 125-135p.
942 _hX90gF.2.N88, M8/SC
_cGB
_2CC
999 _c617186
_d617186